Statistics for Word Ladder - From Black To White

Click here to take the quiz!

General Stats

  • This quiz has been taken 101 times
  • The average score is 10 of 11

Answer Stats

HintAnswer% Correct
Surname of SiriusBlack
99%
Walter, the chemistWhite
95%
A place to buy thingsStore
94%
Gaze at wide eyedStare
93%
A small rockStone
93%
To complainWhine
93%
Film about David HelfgottShine
88%
Not held tautSlack
88%
Pointed a torch at somethingShone
87%
A pile of objectsStack
86%
Bare in appearanceStark
82%

Score Distribution

Percentile by Number Answered

Percent of People with Each Score

Your Score History

You have not taken this quiz